| 000 | 00759nam a2200193 u 4500 | ||
|---|---|---|---|
| 001 | 000825791 | ||
| 003 | AM-YeHGA | ||
| 005 | 20250617144635.0 | ||
| 008 | 110803s1983 ||| r 000 0 rus d | ||
| 040 | _aAM-YeHGA | ||
| 041 | 0 | _arus | |
| 245 | 0 | 0 |
_aСелевые потоки : _bАннотированный библиографический указатель (1879-1981) / _cАН АзССР, Ин-т географии, Центр. науч. б-ка. |
| 260 |
_aБаку : _bБ. и., _c1983. |
||
| 300 | _a67 с. | ||
| 653 | 0 | _aСелевые потоки - Библиографические указатели | |
| 710 | 2 | _aАкадемия наук АзССР | |
| 710 | 2 | _aИнститут географии АН АзССР | |
| 090 | _c299665 | ||
| 999 |
_c297971 _d297971 |
||